000 00379 a2200157 4500
003 Nust
005 20221205125007.0
040 _cNust
082 _a230,KHA
100 _aKhan, Abdul Waheed
245 _aTowards understanding Christianity /
_cAbdul Waheed Khan
260 _aKarachi
_c2010
300 _a112 p.
650 _aChristianity
_9104129
942 _2ddc
_cBK
_k230,KHA
999 _c188579
_d188579